| 000 | 00376nam a2200109Ia 4500 | ||
|---|---|---|---|
| 008 | 180315s9999 xx 000 0 und d | ||
| 020 | _a9780071830751 | ||
| 100 | _aHoque, Faisal | ||
| 245 |
_cBaer, Drake _aEverything connects : _bHow to transform and lead in the age of creativity innovation, and sustainability |
||
| 260 |
_aUSA : _b2014 _cMcGrawHill |
||
| 300 | _axiii, 259 pages | ||
| 999 |
_c356314 _d356314 |
||